00829nam a2200253Ia 4500008004100000020002200041050001700063050001400080100002100094245002900115245005300144245005500197250001600252260001600268260004300284260000900327300001600336300002000352300001100372500002000383650002900403999001900432952012400451161112s9999 xx 000 0 und d a978-981-4586-77-1 aMAIN HG 4026 b.K46 2014 aKeown, Arthur J. 0aFoundations of finance : 4bthe logic and practice of financial management / 0cArthur J. Keown, John D. Martin, J. William Petty. a8th Edition aSingapore : bPearson Education South Asia Pte Ltd., c2014 a548 pages : billustrations ; c27 cm. aIncludes index. aCorporations -- Finance. c305243d305243 001040aSMCbSMCcMAINd2016-11-08g1298.80l0oMAIN HG 4026 .K46 2014pSMC06082r2016-11-12 00:00:00w2016-11-12yBK